| 000 | 00527cam a22001814a 4500 | ||
|---|---|---|---|
| 005 | 20250605164250.0 | ||
| 008 | 250528s ||||||||||||||||||||||||d | ||
| 035 | _a21703 | ||
| 040 |
_aGR-AtMCL _bgre _dGR-AtMCL _eAACR2 |
||
| 245 | 1 | _aΗ ΖΩΗ ΣΤΗΝ ΚΥΠΡΟ ΣΤΑ ΧΡΟΝΙΑ ΤΗΣ ΦΡΑΓΚΟΚΡΑΤΙΑΣ ΚΑΙ ΤΗΣ ΒΕΝΕΤΟΚΡΑΤΙΑΣ | |
| 250 | _a1 | ||
| 260 | _c1985 | ||
| 300 | _a166 | ||
| 700 | 1 |
_aΔημος Λευκωσιας _97642 |
|
| 942 | _cBK | ||
| 999 |
_c6763 _d6763 |
||